000 00925nas a2200265 i 4500
001 2770
003 ES-MaACL
005 20250724062608.0
007 t|
008 000317d19741999sp m| | 0 ||pa d
022 _a1133-2115
080 _a008
245 0 0 _aAjoblanco.
260 _aBarcelona :
_bMontero Ediciones,
_c1974-1999.
300 _a10 v. ;
_c28 cm.
310 _aMensual
362 0 _aN. 1 (oct. 1974)-n. 55 (mayo 1980); [2. época], n. 1 (oct. 1987)-n. 124 (dic. 1999)
515 _aSuspendida su publicación de 1980 a 1986.
650 7 _aCultura
_2embne
_9170963
655 7 _2tgfbne
_9226866
_aRevistas
852 _aES-MaACL
_jHEM-H-414
_dOlim: Hem-1794
_92867
_cHEM
_zExpurgada marzo 2025: posterior 1958; sin encuadernar; muy incompleta; completa en la Biblioteca de Cataluña
866 0 _o1995-1999(incluye números especiales 1 a 8)
942 _2udc
999 _c2770
_d2770